<?xml version="1.0" encoding="UTF-8"?>
<record
    xmlns:xsi="http://www.w3.org/2001/XMLSchema-instance"
    xsi:schemaLocation="http://www.loc.gov/MARC21/slim http://www.loc.gov/standards/marcxml/schema/MARC21slim.xsd"
    xmlns="http://www.loc.gov/MARC21/slim">

  <leader>01701cam a22003131  4500</leader>
  <controlfield tag="001">gs 67000049 </controlfield>
  <controlfield tag="003">DLC</controlfield>
  <controlfield tag="005">20260227111420.0</controlfield>
  <controlfield tag="008">860114s1960    fr abf   b    000 0 fre c</controlfield>
  <datafield tag="010" ind1=" " ind2=" ">
    <subfield code="a">gs 67000049 </subfield>
  </datafield>
  <datafield tag="035" ind1=" " ind2=" ">
    <subfield code="a">(OCoLC)13016913</subfield>
  </datafield>
  <datafield tag="040" ind1=" " ind2=" ">
    <subfield code="a">U.S. Geol. Survey. Libr.</subfield>
    <subfield code="c">TxHR</subfield>
    <subfield code="d">OCoLC</subfield>
    <subfield code="d">DLC</subfield>
  </datafield>
  <datafield tag="042" ind1=" " ind2=" ">
    <subfield code="a">premarc</subfield>
  </datafield>
  <datafield tag="050" ind1="0" ind2="0">
    <subfield code="a">QE1</subfield>
    <subfield code="b">.S7 n.s. no. 89</subfield>
  </datafield>
  <datafield tag="100" ind1="1" ind2=" ">
    <subfield code="a">Lapparent, Albert F. de,</subfield>
    <subfield code="d">1905-1975.</subfield>
  </datafield>
  <datafield tag="245" ind1="1" ind2="0">
    <subfield code="a">Liminaire /</subfield>
    <subfield code="c">par A.F. de Lapparent. La subsidence du r&#xE9;cif campanien de Vigny (Seine-et-Oise) /  par Ren&#xE9; Marli&#xE8;re. Le Bois des Roches &#xE0; Vigny : contribution &#xE1; l'&#xE9;tude morphologique et descriptive du complexe r&#xE9;cifal / par Pierre Desmidt.</subfield>
  </datafield>
  <datafield tag="260" ind1=" " ind2=" ">
    <subfield code="a">Paris :</subfield>
    <subfield code="b">Soci&#xE9;t&#xE9; g&#xE9;ologique de France,</subfield>
    <subfield code="c">1960.</subfield>
  </datafield>
  <datafield tag="300" ind1=" " ind2=" ">
    <subfield code="a">42 p., [5] leaves of plates :</subfield>
    <subfield code="b">ill., maps ;</subfield>
    <subfield code="c">33 cm.</subfield>
  </datafield>
  <datafield tag="440" ind1=" " ind2="0">
    <subfield code="a">M&#xE9;moires de la Soci&#xE9;t&#xE9; g&#xE9;ologique de France ;</subfield>
    <subfield code="v">nouv. s&#xE9;r. m&#xE9;moire no. 89</subfield>
  </datafield>
  <datafield tag="500" ind1=" " ind2=" ">
    <subfield code="a">Each plate accompanied by leaf with descriptive letterpress.</subfield>
  </datafield>
  <datafield tag="501" ind1=" " ind2=" ">
    <subfield code="a">With: Contribution &#xE0; l'&#xE9;tude de Pityostrobus oblongus (Fliche sp.) appareil femelle d'un conif&#xE8;re Albien de l'Argonne / par Christiane Louvel -- Le dome gneissique de l'Agout (Tarn et H&#xE9;rault) / par Roelof Schuiling. Paris : Soci&#xE9;t&#xE9; g&#xE9;ologique de France, 1960.  Bound together subsequent to publication.</subfield>
    <subfield code="5">DLC</subfield>
  </datafield>
  <datafield tag="650" ind1=" " ind2="0">
    <subfield code="a">Geology, Stratigraphic</subfield>
    <subfield code="y">Cretaceous.</subfield>
  </datafield>
  <datafield tag="650" ind1=" " ind2="0">
    <subfield code="a">Geology</subfield>
    <subfield code="z">France</subfield>
    <subfield code="z">Seine-et-Oise.</subfield>
  </datafield>
  <datafield tag="650" ind1=" " ind2="0">
    <subfield code="a">Reefs.</subfield>
  </datafield>
  <datafield tag="700" ind1="1" ind2=" ">
    <subfield code="a">Marli&#xE8;re, Ren&#xE9;.</subfield>
    <subfield code="t">Subsidence du r&#xE9;cif campanien de Vigny (Seine-et-Oise).</subfield>
  </datafield>
  <datafield tag="700" ind1="1" ind2=" ">
    <subfield code="a">Desmidt, Pierre.</subfield>
    <subfield code="t">Bois des Roches &#xE0; Vigny.</subfield>
  </datafield>
  <datafield tag="740" ind1="0" ind2=" ">
    <subfield code="a">Subsidence du r&#xE9;cif campanien de Vigny (Seine-et-Oise).</subfield>
  </datafield>
  <datafield tag="740" ind1="0" ind2=" ">
    <subfield code="a">Bois des Roches &#xE0; Vigny.</subfield>
  </datafield>
  <datafield tag="999" ind1=" " ind2=" ">
    <subfield code="c">30291</subfield>
    <subfield code="d">30291</subfield>
  </datafield>
</record>
